000 00380nam a2200145Ia 4500
005 20251222152046.0
008 251222s9999||||xx |||||||||||||| ||spa||
020 _a9972939022
082 _a621.8 T17/Ej.2
100 _aTalledo Coronado, Arturo Fernando
245 0 _aTecnología de Alto Vacío
250 _a1ra. ed.
264 _bAsamblea Nacional de Rectores
942 _cLIB
999 _c26220
_d26220